000
00325nam a2200121Ia 4500
008
220217s9999 xx 000 0 und d
245
0
_a
Specification for moulded solid rubber soles and heels.
260
_c
1970
500
_a
Standard number: IS 5676
650
_a
Rubber heels
650
_a
Solid Rubber soles
942
_c
ST
999
_c
73865
_d
73865